000
00331nam a2200145Ia 4500
008
191201s2009 xx 000 0 und d
082
_a
658.87
_b
BLC
100
_a
BLACKWELL, Roger
245
0
_a
Consumer Behavior
250
_a
Rep.
260
_a
N.Delhi
_b
South western
_c
2009
300
_a
784
650
_a
MBA
942
_2
ddc
_c
BK
999
_c
3539
_d
3539